| 000 | 00680cam a2200205 a 4500 | ||
|---|---|---|---|
| 999 |
_c5600 _d5600 |
||
| 001 | 2638 | ||
| 003 | BD-DhUAP | ||
| 005 | 20201215162204.0 | ||
| 008 | 201215s1994 ii a bf 001 0 eng c | ||
| 040 |
_aUKM _cUKM _dBD-DhUAP _bEng |
||
| 082 | 0 | 0 |
_a690 SIN _223 |
| 100 | _aSingh, Gurcharan. | ||
| 245 | 0 | 0 |
_aBuilding construction engineering : _bfor degree, A. M. I. E. (India) and diploma students and practising civil engineers : M. K. S. & SI units / _cGurcharan Singh. |
| 250 | _a5th ed. | ||
| 260 |
_aDelhi : _bStandard book house, _cc1994. |
||
| 300 |
_axvii, 855 pages : _billustrations ; _c21 cm. |
||
| 650 | _aBuilding construction. | ||
| 650 | _aBuilding. | ||
| 942 |
_2ddc _cBK |
||